<?xml version="1.0" encoding="UTF-8"?>
<collection xmlns="http://www.loc.gov/MARC21/slim">
 <record>
  <leader>01437nam a22002171a 4500</leader>
  <controlfield tag="001">1/31007</controlfield>
  <controlfield tag="008">061016s2000    lu     f      00010 gre d</controlfield>
  <datafield tag="022" ind1="0" ind2=" ">
   <subfield code="a">0254-1483</subfield>
  </datafield>
  <datafield tag="028" ind1="3" ind2="1">
   <subfield code="a">KT-CO-00-482-GR-C (1ος τ.)</subfield>
  </datafield>
  <datafield tag="028" ind1="3" ind2="1">
   <subfield code="a">KT-CO-00-483-GR-C (2ος τ.)</subfield>
  </datafield>
  <datafield tag="035" ind1=" " ind2=" ">
   <subfield code="l">33297</subfield>
  </datafield>
  <datafield tag="040" ind1=" " ind2=" ">
   <subfield code="a">GR-PeUP</subfield>
  </datafield>
  <datafield tag="084" ind1=" " ind2=" ">
   <subfield code="2">KET</subfield>
   <subfield code="a">COM (2000) 485 τελικό</subfield>
  </datafield>
  <datafield tag="110" ind1="2" ind2=" ">
   <subfield code="a">Επιτροπή των Ευρωπαϊκών Κοινοτήτων.</subfield>
  </datafield>
  <datafield tag="245" ind1="1" ind2="2">
   <subfield code="a">Η κατάσταση της Γεωργίας στην Ευρωπαϊκή Ένωση έκθεση 1999/</subfield>
   <subfield code="c">Επιτροπή των Ευρωπαϊκών Κοινοτήτων</subfield>
  </datafield>
  <datafield tag="260" ind1="0" ind2=" ">
   <subfield code="a">Βρυξέλλες, Λουξεμβούργο:</subfield>
   <subfield code="b">Υπηρεσία Επισήμων Εκδόσεων των Ευρωπαϊκών Κοινοτήτων,</subfield>
   <subfield code="c">26.7.2000</subfield>
  </datafield>
  <datafield tag="300" ind1=" " ind2=" ">
   <subfield code="a">2 τ. (115 + 83 σ.)</subfield>
  </datafield>
  <datafield tag="500" ind1=" " ind2=" ">
   <subfield code="a">Εκδίδεται σε συνδυασμό με τη γενική έκθεση επί της δραστηριότητας της Ευρωπαϊκής Ένωσης- 1999, Βρυξέλλες- Λουξεμβούργο, 2000.</subfield>
  </datafield>
  <datafield tag="852" ind1=" " ind2=" ">
   <subfield code="a">INST</subfield>
   <subfield code="b">UNIPILB</subfield>
   <subfield code="c">KET</subfield>
   <subfield code="e">20061016</subfield>
   <subfield code="h">COM (2000) 485</subfield>
   <subfield code="p">COM (2000) 485a</subfield>
   <subfield code="q">COM (2000) 485a</subfield>
   <subfield code="t">NOLOAN</subfield>
   <subfield code="y">23</subfield>
   <subfield code="4">1</subfield>
  </datafield>
  <datafield tag="852" ind1=" " ind2=" ">
   <subfield code="a">INST</subfield>
   <subfield code="b">UNIPILB</subfield>
   <subfield code="c">KET</subfield>
   <subfield code="e">20061016</subfield>
   <subfield code="h">COM (2000) 485</subfield>
   <subfield code="p">COM (2000)485 b</subfield>
   <subfield code="q">COM (2000)485 b</subfield>
   <subfield code="t">NOLOAN</subfield>
   <subfield code="y">23</subfield>
   <subfield code="4">1</subfield>
  </datafield>
  <datafield tag="856" ind1="7" ind2="8">
   <subfield code="u">https://eur-lex.europa.eu/legal-content/EL/TXT/HTML/?uri=CELEX:52000DC0485&amp;qid=1549958182512&amp;from=EL</subfield>
  </datafield>
 </record>
</collection>
